| 000 | 00414nab a2200145Ia 4500 | ||
|---|---|---|---|
| 003 | ES-SlBCS | ||
| 005 | 20210601133535.0 | ||
| 008 | 140529s1983 xxu||||| |||| 00| 0 por d | ||
| 041 | _apor | ||
| 100 | 1 |
_aGama, José _966389 |
|
| 245 | 0 | 0 |
_aOs novos caminhos da história. O quantitativo _c José Gama |
| 650 | 0 | 4 |
_aHistoria _92130 |
| 773 | 0 |
_tBroteria _gvol. 117, nº. 4, 1983, págs. 310-316 _wRev100 |
|
| 942 | _cAR | ||
| 999 |
_c598072 _d598072 |
||